Genocída Arménov - prvá moderná genocída 20. storočia

Vymedzenie pojmu genocída a jej typológia. Moderná genocída. Stručná história Arménov. Postavenie arménskeho obyvateľstva Západného Arménska v rámci Osmanskej ríše. Prvá genocída 20. storočia. Realizácia genocídy 1915.

Salvato in:
Dettagli Bibliografici
Autore principale: Chuguryan, Simona, 1977-
Altri autori: Chuguryan, Vahram
Natura: Capitolo di libro
Lingua:slovacco
Soggetti:
Tags: Aggiungi Tag
Nessun Tag, puoi essere il primo ad aggiungerne!!

MARC

LEADER 00000naa a2200000 4500
001 0169079
005 20240502072935.0
041 0 |a slo 
044 |a SK 
245 1 0 |a Genocída Arménov - prvá moderná genocída 20. storočia  |c Simona Chuguryan, Vahram Chuguryan 
520 |a Vymedzenie pojmu genocída a jej typológia. Moderná genocída. Stručná história Arménov. Postavenie arménskeho obyvateľstva Západného Arménska v rámci Osmanskej ríše. Prvá genocída 20. storočia. Realizácia genocídy 1915. 
610 2 0 |a Arménsko 
610 2 0 |a politika medzinárodná 
610 2 0 |a história 
610 2 0 |a konflikty etnické 
610 2 0 |a konflikty náboženské 
100 1 |a Chuguryan, Simona, 1977- 
700 1 |a Chuguryan, Vahram